000
00309nam a22001457a 4500
008
211020b ||||| |||| 00| 0 eng d
020
_a
9780028022659
041
_a
eng
080
_2
8th
_a
621
082
_a
621
100
_a
26
101
_a
MEK
245
_a
Basic Electronics
_c
Grob.B
942
_2
udc
_c
BK
999
_c
58298
_d
58298